Compact Oxford Dictionary, Thesaurus, and wordpower Guide / (Record no. 5522)
[ view plain ]
| 000 -LEADER | |
|---|---|
| fixed length control field | 00716nam a2200265 a 4500 |
| 001 - CONTROL NUMBER | |
| JCCL Control Number | 5522 |
| 003 - CONTROL NUMBER IDENTIFIER | |
| JCCL marc code | BD-JhCC |
| 005 - DATE AND TIME OF LATEST TRANSACTION | |
| control field | 20180524094705.0 |
| 008 - FIXED-LENGTH DATA ELEMENTS--GENERAL INFORMATION | |
| fixed length control field | 171217s2006 ii ||||| ||a| 00| 0 eng d |
| 020 ## - INTERNATIONAL STANDARD BOOK NUMBER | |
| International Standard Book Number | 9780195667479 |
| 020 ## - INTERNATIONAL STANDARD BOOK NUMBER | |
| International Standard Book Number | 9780195663235 |
| 020 ## - INTERNATIONAL STANDARD BOOK NUMBER | |
| International Standard Book Number | 01905667476 |
| 020 ## - INTERNATIONAL STANDARD BOOK NUMBER | |
| International Standard Book Number | 0195663233 |
| 035 ## - SYSTEM CONTROL NUMBER | |
| system control number | (BD-JhCC)5522 |
| 040 ## - CATALOGING SOURCE | |
| Original cataloging agency | BD-JhCC |
| Modifying agency | BD-JhCC |
| 041 ## - LANGUAGE CODE | |
| Language code of Book | eng |
| 082 ## - DEWEY DECIMAL CLASSIFICATION NUMBER | |
| Classification number | 423 |
| Author mark and Year | COM 2006 |
| 245 ## - TITLE STATEMENT | |
| Title | Compact Oxford Dictionary, Thesaurus, and wordpower Guide / |
| Statement of responsibility, etc | ed. by Catherine Soanes |
| 260 ## - PUBLICATION, DISTRIBUTION, ETC. (IMPRINT) | |
| Place of publication, distribution, etc | New Delhi : |
| Name of publisher, distributor, etc | Oxford University press, |
| Date of publication, distribution, etc | 2006. |
| 300 ## - PHYSICAL DESCRIPTION | |
| Pagination | 1111 p. : |
| Dimensions | 21 cm. |
| 650 ## - SUBJECT ADDED ENTRY--TOPICAL TERM | |
| Topical term or geographic name as entry element | Dictionaries, English |
| 700 ## - ADDED ENTRY--PERSONAL NAME | |
| Personal name | Soanes, Catherine |
| 942 ## - ADDED ENTRY ELEMENTS (KOHA) | |
| Source of classification or shelving scheme | Dewey Decimal Classification |
| Koha item type | Books |
| Source of classification or shelving scheme | Damaged status | Not for loan | Home library | Current library | Shelving location | Date of accession | Total Checkouts | Full call number | Barcode | Date last seen | Date checked out | Copy number | Koha item type | Cost, normal purchase price | Source of acquisition | Method of acquisition | Currency |
|---|---|---|---|---|---|---|---|---|---|---|---|---|---|---|---|---|---|
| Dewey Decimal Classification | JCC Rouf Library | JCC Rouf Library | General Stacks | 05/08/2024 | 1 | 423 COM 2006 | 7271 | 05/09/2024 | 05/08/2024 | C - 1 | Books | ||||||
| Dewey Decimal Classification | JCC Rouf Library | JCC Rouf Library | General Stacks | 04/23/2018 | 423 COM 2006 | 13604 | 04/23/2018 | C - 2 | Books | 1485.00 | |||||||
| Dewey Decimal Classification | JCC Rouf Library | JCC Rouf Library | General Stacks | 423 COM 2014 | 19254 | 04/25/2024 | C-3 | Books | 1000.00 | With The Compliments 7th Intake. | Gift/Donation | BDT | |||||
| Dewey Decimal Classification | JCC Rouf Library | JCC Rouf Library | General Stacks | 423 COM 2014 | 19255 | 04/25/2024 | C-4 | Books | 1000.00 | With The Compliments 7th Intake. | Gift/Donation | BDT |